Mejoramiento del proceso organizativo y de la población afrocolombiana como grupo étnico (Registro nro. 17520)

Detalles MARC
000 -CABECERA
Campo de control 00984nam a22002417a 4500
005 - FECHA Y HORA DE LA ULTIMA TRANSACCION
Campo de control 20150703130837.0
008 - ELEMENTOS DE LONGITUD FIJA—INFORMACION GENERAL
Campo de control 150703b2007 ck ||||| |||| 00| 0 spa d
040 ## - FUENTE DE CATALOGACIÓN
Agencia catalogadora original CO-BoIAVH
Agencia transcriptora CO-BoIAVH
041 ## - IDIOMA
Código de idioma para texto/pista de sonido o título separado Español
044 ## - PAÍS DE PUBLICACIÓN
País de publicación Colombia
082 ## - NUMERO DE CLASIFICACION DECIMAL DEWEY
Número de clasificación 303.44
Número del ítem A47m
110 1# - ASIENTO PRINCIPAL--NOMBRE CORPORATIVO
Nombre corporativo o de jurisdicción como elemento de entrada World Wildlife Fund-WWF
245 1# - MENCION DE TITULO
Título Mejoramiento del proceso organizativo y de la población afrocolombiana como grupo étnico
260 3# - PUBLICACION, DISTRIBUCION, ETC. (PIE DE IMPRENTA)
Lugar de publicación, distribución, etc. Bogotá:
Nombre del editor, distribuidor, etc. WWF- Colombia,
Fecha de publicación, distribución, etc. 2007.
300 ## - DESCRIPCION FISICA
Extensión 40 p.
Otros detalles físicos fot. il. col.
Dimensiones 28 cm.
505 ## - NOTA DE CONTENIDO
Nota de contenido Pt. 1 Territorio autonomia.<br/>Pt, 2 Desarrollo, ordenamiento y planificación del territorio.<br/>Pt. 3 Gestión ambiental del territorio.<br/>Pt. 4 Liderazgos.<br/>Pt. 5 Estrategia de comunicación.
650 #4 - ASIENTO SECUNDARIO DE MATERIA - TERMINO TEMATICO
Término temático o nombre geográfico como elemento de entrada Gestión Ambiental
650 #4 - ASIENTO SECUNDARIO DE MATERIA - TERMINO TEMATICO
Término temático o nombre geográfico como elemento de entrada Gestión Ambiental
Subdivisión general Comunidades
Subdivisión geográfica Colombia
650 #4 - ASIENTO SECUNDARIO DE MATERIA - TERMINO TEMATICO
Término temático o nombre geográfico como elemento de entrada Manejo forestal
Subdivisión geográfica Colombia
650 #4 - ASIENTO SECUNDARIO DE MATERIA - TERMINO TEMATICO
Término temático o nombre geográfico como elemento de entrada Comunidades afrocolombianas
700 1# - ASIENTO SECUNDARIO - NOMBRE PERSONAL
Nombre personal Alvarez Cortés, Claudia
Término de relación Editora
942 ## - ELEMENTOS ADICIONALES (KOHA)
Sistema de clasificación Dewey Decimal Classification
Tipo de ítem Libro
Existencias
Withdrawn status Lost status Sistema de Clasificación Damaged status No para préstamo Colección Material acompañante Inventariado Ubicación Permanente Ubicación actual Fecha de adquisición Fuente de Valor Valor Total Checkouts Número topográfico Inventario / Código de Barras Date last seen Ejemplar Price effective from Forma de adquisición Tipo de material Public note
    Dewey Decimal Classification     General CD-ROM Inventariado 2017 Bogotá Bogotá 03/07/2015 Instituto 39000.00   LB-303.44 A47m 039104 03/07/2015 Ej. 1 03/07/2015   Libro Incluye CD-ROM con presentaciones, documentos y fotografias en el trabajo con comunidades negra (Cod. 042034).
    Dewey Decimal Classification     General CD-ROM Inventariado 2017 Bogotá Bogotá 10/07/2015 Instituto 39000.00   LB-303.44 A47m 038756 10/07/2015 Ej. 3 10/07/2015   Libro Incluye CD-ROM con presentaciones, documentos y fotografias en el trabajo con comunidades negra (Cod. 038757).
    Dewey Decimal Classification     General CD-ROM Inventariado 2017 Sala Fabio Quevedo Sala Fabio Quevedo 03/07/2015 Instituto 39000.00   LB-303.44 A47m 042082 03/07/2015 Ej. 2 03/07/2015   Libro Incluye CD-ROM con presentaciones, documentos y fotografias en el trabajo con comunidades negra (Cod. 042035).